Statistiche per Quiz di cultura generale #41

Clicka qui per fare il quiz!

Statistiche generali

  • Questo quiz è stato fatto 242 volte
  • Il punteggio medio è 12 su 20

Statistiche sulle risposte

DOMANDARISPOSTA% Corretto
Triangolo con due lati ugualiIsoscele
92%
Triangolo con tutti i lati ugualiEquilatero
91%
Triangolo con tutti i lati diversiScaleno
91%
Romanzo di Oscar Wilde: Il ritratto di Dorian...Gray
89%
Persona che usa bene sia la destra che la sinistra (sia mani che piena)Ambidestro
84%
Esiste l'analisi grammaticale, logica e del...Periodo
81%
Il suo simbolo è Ag, però mi devi dire questo elemento in ingleseSilver
80%
La radice quadrata di 36119
73%
Figura leggendaria che volò troppo vicino al sole che sciolse le sue aliIcaro
73%
Filosofo che fu maestro di Alessandro MagnoAristotele
67%
Nazione che ha la Costituzione scritta più antica ancora in vigore (1776)Usa/Stati Uniti
54%
Squadra araba in cui gioca Cristiano RonaldoAl-Nassr
53%
L'unica città-stato in AsiaSingapore
51%
Nel Parlamento inglese: camera dei Lord e camera dei...Comuni
42%
Regista di Star WarsGeorge Lucas/Lucas
36%
Stato degli Usa (nel sud) in cui venne testata per la prima volta la bomba atomicaNew Mexico/Nuovo Messico
35%
Capitale dell'ArizonaPhoenix
34%
Città francese più vicina all'Inghilterra da dove il treno per il Regno Unito comincia ad andar sott'acquaCalais
27%
Stato noto come cimitero degli imperi perché molte nazioni lo hanno conquistato con poveri risultati (SIAMO IN ASIA)Afghanistan
26%
Città colombiana in cui nacque Shakira, quarta per popolazione del paeseBarranquilla
11%

Distribuzione punteggi

Percentile per numero di risposta

Percentuale di utenti per punteggio

I tuoi punteggi nel tempo

Non hai fatto questo quiz